<?xml version="1.0" encoding="UTF-8"?>
<collection xmlns="http://www.loc.gov/MARC21/slim">
 <record>
  <leader>01190pamaa2200157   4500</leader>
  <controlfield tag="001">0000032126</controlfield>
  <controlfield tag="005">20140822090000.0</controlfield>
  <datafield tag="020" ind1="0" ind2="0">
   <subfield code="a">[ nil ] </subfield>
  </datafield>
  <datafield tag="090" ind1="0" ind2="0">
   <subfield code="a">sHD29 </subfield>
   <subfield code="b">AGE 1980</subfield>
  </datafield>
  <datafield tag="245" ind1="0" ind2="0">
   <subfield code="a">AGENDA for the nation VI : </subfield>
   <subfield code="b">sixth Malaysian economic convention theme: Malaysia in the 1980s  </subfield>
   <subfield code="c">Persatuan Ekonomi Malaysia 8-10 May 1980.</subfield>
  </datafield>
  <datafield tag="260" ind1="0" ind2="0">
   <subfield code="a">Penang: </subfield>
   <subfield code="b">Persatuan Ekonomi Malaysia, </subfield>
   <subfield code="c">1980.</subfield>
  </datafield>
  <datafield tag="300" ind1=" " ind2=" ">
   <subfield code="a">various pages; </subfield>
   <subfield code="c">28cm.</subfield>
  </datafield>
  <datafield tag="500" ind1="0" ind2="0">
   <subfield code="a">Contents : The common fund and its implications for Malaysia, The forgotten little people:a study urban child labour in a developing economy, An analysis of agriculturalby-products industry in Malaysia, Urbanisation, industrialization and food supplyin Malaysia:the 1980s', Development financing in Malaysia, Impact of macro-economic variables in income distribution, The competitiveness of natural rubber in the 1980s with respect to ocean transport costs, Industrialisation policies for the eighties, Fiscal policies to control inflation, Wage trends in peninsular Malaysia manufacturing 1963 - 1973, The shift from rubber to oil palm cultivation: reasons and policy implications</subfield>
  </datafield>
  <datafield tag="610" ind1="1" ind2="0">
   <subfield code="a">Persatuan Ekonomi Malaysia </subfield>
  </datafield>
  <datafield tag="650" ind1="0" ind2="0">
   <subfield code="a">Economy </subfield>
  </datafield>
  <datafield tag="650" ind1="0" ind2="0">
   <subfield code="a">Seminar paper </subfield>
  </datafield>
 </record>
</collection>
